Life application study Bible : (Record no. 1583)

MARC details
000 -LEADER
fixed length control field 01035cam a2200277 a 4500
001 - CONTROL NUMBER
control field 3069042
003 - CONTROL NUMBER IDENTIFIER
control field GBCCL
005 - DATE AND TIME OF LATEST TRANSACTION
control field 20241126110404.0
008 - FIXED-LENGTH DATA ELEMENTS--GENERAL INFORMATION
fixed length control field 970129s1997 ilub 001 0 eng
010 ## -
-- 97002367
020 ## - INTERNATIONAL STANDARD BOOK NUMBER
International Standard Book Number 0842348921 (hardcover : alk. paper)
020 ## - INTERNATIONAL STANDARD BOOK NUMBER
International Standard Book Number 084234893X (hardcover indexed : alk. paper)
020 ## - INTERNATIONAL STANDARD BOOK NUMBER
International Standard Book Number 0842348948 (deluxe blue : alk. paper)
040 ## - CATALOGING SOURCE
Original cataloging agency DLC
Transcribing agency DLC
Modifying agency DLC
050 00 -
-- BS195.N37
-- 1997i
082 00 - DEWEY DECIMAL CLASSIFICATION NUMBER
Classification number 220.520814
Edition information 21
Item number BIB
130 0# -
-- Bible.
-- English.
-- New International.
-- 1997.
-- 3213
245 10 - TITLE STATEMENT
Title Life application study Bible :
Remainder of title New International Version.
260 ## - PUBLICATION, DISTRIBUTION, ETC.
Place of publication, distribution, etc. Wheaton, Ill. :
Name of publisher, distributor, etc. Tyndale House ;
Place of publication, distribution, etc. Grand Rapids, Mich. :
Name of publisher, distributor, etc. Zondervan Pub. House,
Date of publication, distribution, etc. 1997.
300 ## - PHYSICAL DESCRIPTION
Extent xxiii, 2504 p. :
Other physical details col. maps ;
Dimensions 24 cm.
500 ## - GENERAL NOTE
General note Includes indexes.
710 2# - ADDED ENTRY--CORPORATE NAME
Corporate name or jurisdiction name as entry element Tyndale House Publishers.
9 (RLIN) 3214
906 ## - LOCAL DATA ELEMENT F, LDF (RLIN)
a 7
b cbc
c orignew
d 1
e ocip
f 19
g y-gencatlg
942 ## - ADDED ENTRY ELEMENTS (KOHA)
Source of classification or shelving scheme Dewey Decimal Classification
Koha item type Reference Books
Holdings
Withdrawn status Lost status Source of classification or shelving scheme Damaged status Not for loan Home library Current Library Shelving location Date acquired Total checkouts Full call number Barcode Date last seen Copy number Price effective from Koha item type
    Dewey Decimal Classification     GRACE BIBLE COLLEGE GRACE BIBLE COLLEGE Bible 2017-05-05   220.520814 BIB 014270 2025-05-01 c.2 2017-05-05 Reference Books
    Dewey Decimal Classification     GRACE BIBLE COLLEGE GRACE BIBLE COLLEGE Bible 2017-05-05   220.520814 BIB 010258 2025-05-01 c.1 2017-05-05 Reference Books
© Grace Bible College Library 2025